000 00301 a2200157 4500
001 178526
020 _a
040 _cMagnum
100 _aEko
240 1 0 _aA pequena sereia
_lpor
245 1 0 _aA pequena sereia
362 0 _a1899
440 1 _aEko
697 _aMAGNITO: I/CONTO
942 _cBK
999 _c178526
_d178526